عرض عادي
عرض مارك
- Woodhouse, N. M. J.
مدخل إسم شخص
001 - رقم الضبط
- حقل الضبط: 38800
003 - معرف رقم الضبط
- حقل الضبط: OSt
005 - تاريخ ووقت أخر عملية
- حقل الضبط: 20131101174653.0
008 - عناصر بيانات ثابتة الطول
- حقل تحكم ثابت الطول: 131101|||a|||||| | ||| d
040 ## - مصدر الفهرسة
- هيئة الفهرسة الأصلية: OSt
- وكالة الكتابة: OSt
100 ## - مدخل -- أسم شخص
- إسم شخص: Woodhouse, N. M. J.
- الشكل الكامل للاسم: (Nicholas Michael John),
- تواريخ مرتبطة بالاسم: 1949-
670 ## - بيانات المصدر موجوده
- الاستشهاد بالمصدر: Work cat.: (OSt)0: Woodhouse, N. M. J. (Nicholas Michael John), 1949-, Introduction to analytical dynamics /, c2009.
